Egységes gyermekellátás az ország legnagyobb központja jön létre Szegeden /
Elmentve itt :
| Szerző: | |
|---|---|
| Dokumentumtípus: | Cikk |
| Megjelent: |
2004-12-11
|
| Sorozat: | Délmagyarország
94 No. 289 |
| Kulcsszavak: | Szeged, Gyermekegészségügy gyógyítás Szeged, Gyermekklinika Szeged |
| Online Access: | http://dmarchiv.bibl.u-szeged.hu/134040 |
| LEADER | 00566nab a2200157 i 4500 | ||
|---|---|---|---|
| 001 | delm134040 | ||
| 005 | 20191121135309.0 | ||
| 008 | 191121s2004 hu o 0|| hun d | ||
| 040 | |a SZTE Délmagyarország Archívum |b hun | ||
| 041 | |a hun | ||
| 100 | 1 | |a Timár Kriszta | |
| 245 | 1 | 0 | |a Egységes gyermekellátás |h [elektronikus dokumentum] : |b az ország legnagyobb központja jön létre Szegeden / |c Timár Kriszta |
| 260 | |c 2004-12-11 | ||
| 300 | |a 1, 5 | ||
| 490 | 0 | |a Délmagyarország |v 94 No. 289 | |
| 695 | |a Szeged, Gyermekegészségügy gyógyítás Szeged, Gyermekklinika Szeged | ||